000 00867nam a2200229 c 4500
999 _c7681
_d7681
001 a7174630
003 OSt
005 20230705103551.0
008 221011s sp | |||| 000 spa
015 _aMON22
017 _aM 20577-2022
_bOficina Depósito Legal Madrid
040 _aSpMaBN
_bspa
_cCDMR
110 1 _9101
_aEspanya
_b -- Ministerio de Presidencia
245 _aLucha contra las campañas de desinformación en el ámbito de la seguridad nacional
_b: propuestas de la sociedad civil
_c/ Gobierno de España. Presidencia del Gobierno
260 _aMadrid :
_bMinisterio de la Presidencia, Relaciones con las Cortes y Memoria Democrática,
_c2022
300 _a297 pàgines
650 0 _94286
_aDesinformació
_zEspanya
650 0 _94787
_aAlfabetització mediàtica
_zEspanya
650 0 _94796
_aFake news
_zEspanya
942 _2udc
_cMON
956 _a2